Toutes les cartes Ex de Pokemon TCGPocket - Statistiques

Statistiques générales
  • Ce quiz a été pris 68 fois
    60 depuis la dernière actualisation
  • Le résultat moyen est 41 sur 57
Statistiques - réponses
Extension Type de quiz Réponse % Correct
Puissance Génétique Feu Dracaufeu
100%
Réjouissances Rayonnantes Feu Dracaufeu
100%
Puissance Génétique Plante Florizarre
100%
L'île Fabuleuse Psy Mew
100%
Puissance Génétique Psy Mewtwo
98%
Puissance Génétique Electrik Pikachu
98%
Réjouissances Rayonnantes Electrik Pikachu
98%
Puissance Génétique Eau Tortank
98%
Puissance Génétique Eau Artikodin
95%
Choc Spatio-Temporel Metal Dialga
95%
Puissance Génétique Combat Mackogneur
95%
Choc Spatio-Temporel Eau Palkia
95%
Lumière Triomphale Normal Arceus
93%
Puissance Génétique Electrik Electhor
93%
Puissance Génétique Feu Sulfura
93%
L'île Fabuleuse Plante Célébi
90%
Choc Spatio-Temporel Obscur Darkrai
90%
Réjouissances Rayonnantes Combat Lucario
90%
Puissance Génétique Eau Staross
90%
Puissance Génétique Feu Arcanin
88%
Puissance Génétique Psy Ectoplasma
88%
Réjouissances Rayonnantes Psy Giratina
88%
Gardiens Astraux Metal Solgaleo
83%
Gardiens Astraux Psy Lunala
80%
Puissance Génétique Plante Noadkoko
78%
Choc Spatio-Temporel Feu Simiabraz
76%
Puissance Génétique Normal Grodoudou
71%
L'île Fabuleuse Eau Léviator
71%
Promo-A Eau Lockhlass
71%
Gardiens Astraux Plante Archéduc
68%
Choc Spatio-Temporel Obscur Dimoret
68%
Gardiens Astraux Feu Félinferno
68%
Puissance Génétique Combat Ossatueur
68%
Gardiens Astraux Electrik Raichu d'Alola
68%
Réjouissances Rayonnantes Plante Dardargnan
66%
L'île Fabuleuse Combat Ptéra
66%
Promo-A Normal Rayquaza
66%
L'île Fabuleuse Normal Roucarnage
63%
Lumière Triomphale Combat Carchacrok
61%
Choc Spatio-Temporel Electrik Pachirisu
61%
Choc Spatio-Temporel Combat Gallame
59%
Lumière Triomphale Plante Phyllali
59%
Lumière Triomphale Eau Givrali
56%
Réjouissances Rayonnantes Normal Castorno
54%
Promo-A Psy Cresselia
54%
Lumière Triomphale Metal Tarinorme
54%
Choc Spatio-Temporel Normal Coudlangue
49%
Réjouissances Rayonnantes Eau Triopikeau
49%
Réjouissances Rayonnantes Metal Forgelina
46%
Gardiens Astraux Obscur Grotadmorv d'Alola
46%
Choc Spatio-Temporel Plante Yanmega
46%
Choc Spatio-Temporel Psy Magirêve
44%
Gardiens Astraux Eau Crabominable
39%
Gardiens Astraux Plante Sinistrail
39%
Gardiens Astraux Combat Quatermac
37%
Réjouissances Rayonnantes Obscur Terraiste de Paldea
37%
Gardiens Astraux Eau Froussardine
32%
Aucun quiz correspondant
Distribution des résultats
% des personnes avec chaque résultat
Percentile par nombre de réponses
Votre historique - résultats
Vous n’avez pas pris ce quiz depuis la dernière actualisation